Gamkeu a luitate/ (Record no. 7552)

MARC details
000 -LEADER
fixed length control field 00433nam a2200169Ia 4500
003 - CONTROL NUMBER IDENTIFIER
control field GBCCL
005 - DATE AND TIME OF LATEST TRANSACTION
control field 20241126110631.0
008 - FIXED-LENGTH DATA ELEMENTS--GENERAL INFORMATION
fixed length control field 180823b ||||| |||| 00| 0 eng d
040 ## - CATALOGING SOURCE
Transcribing agency gbc
082 ## - DEWEY DECIMAL CLASSIFICATION NUMBER
Classification number 242.5
Item number COW
100 ## - MAIN ENTRY--PERSONAL NAME
Personal name Cowman, Charles E.
9 (RLIN) 8466
245 ## - TITLE STATEMENT
Title Gamkeu a luitate/
Statement of responsibility, etc. translated by Aikhovung
260 ## - PUBLICATION, DISTRIBUTION, ETC.
Place of publication, distribution, etc. Lamka:
Name of publisher, distributor, etc. Author,
Date of publication, distribution, etc. 1995
300 ## - PHYSICAL DESCRIPTION
Extent 142p ;
650 ## - SUBJECT ADDED ENTRY--TOPICAL TERM
Topical term or geographic name entry element Devotional calendars
9 (RLIN) 1878
942 ## - ADDED ENTRY ELEMENTS (KOHA)
Source of classification or shelving scheme Dewey Decimal Classification
Koha item type Books
Koha issues (borrowed), all copies 1
Holdings
Withdrawn status Lost status Source of classification or shelving scheme Damaged status Not for loan Home library Current Library Shelving location Date acquired Total checkouts Full call number Barcode Date last seen Date last checked out Copy number Price effective from Koha item type
    Dewey Decimal Classification     GRACE BIBLE COLLEGE GRACE BIBLE COLLEGE Vernacular 2018-08-23 1 VER 242.5 COW 002833 2025-05-01 2018-11-13 c.1 2018-08-23 Books
    Dewey Decimal Classification     GRACE BIBLE COLLEGE GRACE BIBLE COLLEGE Vernacular 2018-08-23   VER 242.5 COW 002856 2025-05-01   c.2 2018-08-23 Books
    Dewey Decimal Classification     GRACE BIBLE COLLEGE GRACE BIBLE COLLEGE Vernacular 2022-04-14   VER 242.5 COW 005600 2025-05-01   c.3 2022-04-14 Books
© Grace Bible College Library 2025